| 000 | 01801nam a22002537a 4500 | ||
|---|---|---|---|
| 999 |
_c62931 _d62931 |
||
| 003 | Ge_BSU | ||
| 005 | 20250324171031.0 | ||
| 008 | 250324s2024 ge ||||| |||| 00| 0 geo d | ||
| 020 | _a9789941989094 | ||
| 041 | _ageo | ||
| 080 | _a37.01(479.22)(09) ბ-29 | ||
| 100 |
_aბასილაძე, იმერი _94917 |
||
| 245 |
_aXX საუკუნის ქართული დიდაქტიკური აზროვნების განვითარების ისტორიის საკითხები (1900-1960) : _b [მონოგრაფია] / _cიმერი ბასილაძე, ლელა თავდგირიძე; რედაქტორები: ნოდარ ბარამიძე, ნატო შეროზია; სამეცნიერო რედაქტორი იმერი ბასილაძე. |
||
| 264 |
_aთბილისი : _b საჩინო, _c2024. |
||
| 300 |
_a360 გვ. ; _b21 სმ. |
||
| 500 | _aმონოგრაფია გამოიცა შოთა რუსთველის საქართველოს ეროვნული სამეცნიერო ფონდის მხარდაჭერით. | ||
| 504 | _aბიბლიოგრაფია: გვ. 344-357. | ||
| 653 | _aქართული პედაგოგიკის ისტორია | ||
| 653 | _aდიდაქტიკური აზროვნება | ||
| 700 |
_aთავდგირიძე, ლელა _eავტორი _91294 |
||
| 700 |
_aბარამიძე, ნოდარ _eრედაქტორი _924664 |
||
| 700 |
_aშეროზია, ნატო _eრედაქტორი _99358 |
||
| 942 |
_2udc _cᲬᲘᲒᲜᲘ |
||